Задачник по электротехнике и электронике: учебное пособие

Bibliografske podrobnosti
Glavni avtor: Полещук В. И. Виктор Иванович
Izvleček:Состоит из задач, распределенных по разделам в соответствии с учебной программой. Для регулярного контроля знаний в течение семестра подобраны простые задачи преимущественно качественного характера. Для практических занятий, зачетов и экзаменов предлагаются более сложные задачи, но без громоздких вычислений. Для студентов средних профессиональных учебных заведений. Может быть полезен для самостоятельной проработки материала студентами средних профессиональных учебных заведений, а также программированного контроля их знаний.
Jezik:ruščina
Izdano: Москва, Академия, 2006
Izdaja:2-е изд., стер.
Serija:Среднее профессиональное образование. Общепрофессиональные дисциплины
Teme:
Format: MixedMaterials Knjiga
KOHA link:https://koha.lib.tpu.ru/cgi-bin/koha/opac-detail.pl?biblionumber=101922

MARC

LEADER 00000nam0a2200000 4500
001 101922
005 20231101214409.0
010 |a 5769525495 
035 |a (RuTPU)RU\TPU\book\109913 
090 |a 101922 
100 |a 20060918d2006 m y0rusy50 ca 
101 0 |a rus 
102 |a RU 
105 |a a j 001zy 
200 1 |a Задачник по электротехнике и электронике  |e учебное пособие  |f В. И. Полещук 
205 |a 2-е изд., стер. 
210 |a Москва  |c Академия  |d 2006 
215 |a 224 с.  |c ил. 
225 1 |a Среднее профессиональное образование. Общепрофессиональные дисциплины 
320 |a Библиогр.: с. 185. 
330 |a Состоит из задач, распределенных по разделам в соответствии с учебной программой. Для регулярного контроля знаний в течение семестра подобраны простые задачи преимущественно качественного характера. Для практических занятий, зачетов и экзаменов предлагаются более сложные задачи, но без громоздких вычислений. Для студентов средних профессиональных учебных заведений. Может быть полезен для самостоятельной проработки материала студентами средних профессиональных учебных заведений, а также программированного контроля их знаний. 
451 1 |0 (RuTPU)RU\TPU\book\144385  |y 978-5-7695-4855-0  |t Задачник по электротехнике и электронике  |o учебное пособие  |f В. И. Полещук  |e 4-е изд., стер.  |c М.  |n Академия  |d 2008  |p 224 с.  |s Среднее профессиональное образование. Общепрофессиональные дисциплины  |a Полещук, Виктор Иванович 
606 1 |a Электротехника общая  |2 stltpush  |3 (RuTPU)RU\TPU\subj\20906  |9 45967 
610 1 |a электротехнические цепи 
610 1 |a электромагнетизм 
610 1 |a электромагнитная индукция 
610 1 |a линейные электрические цепи 
610 1 |a переходные процессы 
610 1 |a электрические измерения 
610 1 |a приборы 
610 1 |a трансформаторы 
610 1 |a полупроводниковые приборы 
610 1 |a электронные устройства 
610 1 |a электрические машины переменного тока 
610 1 |a электрические машины постоянного тока 
610 1 |a электроприводы 
610 1 |a автоматика 
610 1 |a электрические элементы 
610 1 |a магнитные элементы 
610 1 |a электрическая энергия 
610 1 |a передача 
610 1 |a распределение 
610 1 |a задачи 
610 1 |a расчетные формулы 
610 1 |a учебные пособия 
675 |a 621.3(076)  |v 3 
675 |a 621.38(076)  |v 3 
700 1 |a Полещук  |b В. И.  |g Виктор Иванович 
801 1 |a RU  |b 63413507  |c 20060918  |g PSBO 
801 2 |a RU  |b 63413507  |c 20220330  |g PSBO 
942 |c BK 
959 |a 12/20060214  |d 2  |e 0  |f АНЛ:1  |f ЧЗТЛ:1